00477nam a2200193 a 4500001001300000003000900013005001700022008004100039020000800080082001700088100002300105245002900128260003000157300000900187500003500196505001300231650001600244700002300260nice12345678IN_TiNIC20260116011649.0050524s1969 dela grp 000 0 urd  ac600a891.41bSID2 aSiddiqi, Abul Lais aMushafi Aur Un Ka Kalaam aDelhibBharati Pub.c1969 a240p aincludes index and biblioraphy2 aAppendix aUrdu-Poetry1 aSiddiqi, Abul Lais